| 000 | 00601nam a22002177a 4500 | ||
|---|---|---|---|
| 001 | 00028679 | ||
| 005 | 20260330120619.0 | ||
| 008 | 260330b ag ||||| |||| 00| 0 spa d | ||
| 020 | _a950900958 | ||
| 040 |
_aAR-CcCEOS _bspa _cAR-CcCEOS |
||
| 041 | _aspa | ||
| 080 | _a820-3(417) | ||
| 090 | _bTOI | ||
| 100 | 1 |
_aTóibín, Colm, _d1955- _9995 |
|
| 245 |
_aThe master : _bretrato del novelista adulto / _cColm Tóibín |
||
| 250 | _a1ª ed. | ||
| 260 |
_aBuenos Aires : _bEdhasa, _c2006. |
||
| 300 |
_a448 p. ; _c23x14 cm. |
||
| 655 | 0 |
_aliteratura irlandesa _vnovela _9996 |
|
| 942 |
_2udc _cBK _n0 |
||
| 999 |
_c28712 _d28712 |
||